000 00358nam a2200133Ia 4500
008 240624s9999 xx 000 0 und d
041 _aeng
082 _a658.049 SUN
100 _aSUNDARAM
245 _aINTERNATIONAL BUSINESS ENVIRONMENT TEXT
260 _c2007
_aNew Delhi
_bPrentice-Hall of India
300 _axvii, , 368 , 25 : p. : cm.
365 _cRS
_b36
999 _c6750
_d6750